Osiedla warszawskie z metrem - Statystyki

Ogólne statystyki
  • Ten quiz został rozwiązany 66 razy
  • Średni wynik to 28 z 38
Statystyki odpowiedzi
nazwa metra nazwa osiedla % Poprawnych
Kondratowicza Zacisze I Bródno I Bródno Podgrodzie
100%
Bródno Bródno
96%
Zacisze Zacisze
91%
Trocka Targówek Mieszkaniowy
89%
Targówek Mieszkaniowy Targówek Mieszkaniowy
89%
Kabaty Kabaty
88%
Rondo ONZ Śródmieście Północne I Mirów
82%
Stare Bielany Stare Bielany
82%
Słodowiec Stare Bielany
82%
Natolin Natolin
81%
Nowy Świat Uniwersytet Śródmieście Północne
81%
Świętokrzyska Śródmieście Północne
81%
Centrum Śródmieście Północne
81%
Stadion Narodowy Stara Praga I Kamionek
81%
Księcia Janusza Ulrychów I Koło
81%
Ulrychów Ulrychów I Koło
81%
Służew Służew
79%
Wierzbno Wierzbno
79%
Młynów Młynów
77%
Centrum Nauki Kopernik Powiśle
77%
Dworzec Wileński Stara Praga
77%
Młociny Wrzeciono I Wawrzyszew
77%
Wawrzyszew Wrzeciono I Wawrzyszew
77%
Dworzec Gdański Muranów
70%
Ratusz Arsenał Muranów
70%
Politechnika Śródmieście Południowe
70%
Szwedzka Nowa Praga
68%
Pole Mokotowskie Stary Mokotów
63%
Racławicka Stary Mokotów
63%
Plac Wilsona Stary Żoliborz
63%
Ursynów Ursynów Północny
53%
Stokłosy Ursynów Północny
53%
Marymont Sady Żoliborskie
51%
Imielin Ursynów-Centrum
51%
Rondo Daszyńskiego Czyste
49%
Płocka Czyste
49%
Bemowo Jelonki Północne I Górce
49%
Wilanowska Ksawerów
42%
Nie znaleziono quizów pasujących do podanych kryteriów
Rozkład punktacji
Procent ludzi z każdym wynikiem
Percentyl według liczby udzielonych odpowiedzi
Twoja historia wyników
Nie rozwiązałeś tego quizu